|
|
|
|
| LEADER |
00000nam0a2200000 4500 |
| 001 |
369467 |
| 005 |
20231102012203.0 |
| 035 |
|
|
|a (RuTPU)RU\TPU\retro\26853
|
| 035 |
|
|
|a RU\TPU\book\358864
|
| 090 |
|
|
|a 369467
|
| 100 |
|
|
|a 20220523d1975 k y0rusy50 ca
|
| 101 |
0 |
|
|a rus
|
| 102 |
|
|
|a RU
|
| 105 |
|
|
|a a z 001zy
|
| 200 |
1 |
|
|a Пектиниды мио-плиоцена Камчатки
|f В. Н. Синельникова
|g Академия наук СССР (АН СССР), Геологический институт (ГИН) ; гл. ред. А. В. Пейве
|
| 210 |
|
|
|a Москва
|c Наука
|d 1975
|
| 215 |
|
|
|a 140 с.
|c ил.
|
| 225 |
1 |
|
|a Труды геологического института (ГИН)
|v Вып. 229
|
| 320 |
|
|
|a Библиогр.: с. 91-100
|
| 320 |
|
|
|a Указатель родовых и видовых названий: с. 101-103
|
| 606 |
1 |
|
|a Плиоценовые отложения
|2 stltpush
|3 (RuTPU)RU\TPU\subj\49246
|9 68047
|
| 610 |
1 |
|
|a морские отложения
|
| 610 |
1 |
|
|a континентальные отложения
|
| 610 |
1 |
|
|a Тихоокеанский пояс
|
| 610 |
1 |
|
|a корреляции
|
| 610 |
1 |
|
|a Западная Камчатка
|
| 610 |
1 |
|
|a фауна
|
| 610 |
1 |
|
|a флора
|
| 675 |
|
|
|a 551.782.2
|v 4
|
| 700 |
|
1 |
|a Синельникова
|b В. Н.
|g Валентина Николаевна
|
| 702 |
|
1 |
|a Пейве
|b А. В.
|c российский ученый
|c геолог
|c академик АН СССР
|f 1909-1985
|g Александр Вольдемарович
|2 stltpush
|3 (RuTPU)RU\TPU\pers\13360
|4 651
|9 4015
|
| 712 |
0 |
2 |
|a Академия наук СССР (АН СССР)
|b Геологический институт (ГИН)
|c (Москва)
|2 stltpush
|3 (RuTPU)RU\TPU\col\11354
|
| 801 |
|
1 |
|a RU
|b 63413507
|c 20170601
|
| 801 |
|
2 |
|a RU
|b 63413507
|c 20220524
|g RCR
|
| 942 |
|
|
|c BK
|